[Event "Titled Tue 1st Jul Early"]
[Site "chess.com INT"]
[Date "2025.07.01"]
[Round "3"]
[White "Ochedzan, Filip"]
[Black "Park, Sunwoo"]
[Result "1-0"]
[WhiteTitle "CM"]
[BlackTitle "WFM"]
[WhiteElo "2044"]
[BlackElo "1858"]
[WhiteFideId "21892610"]
[BlackFideId "13203320"]
[EventDate "2025.07.01"]

1. f4 c5 2. Nf3 Nf6 3. g3 b6 4. Bg2 Bb7 5. O-O e6 6. d3 Be7 7. e4 d5 8. e5 Nfd7
9. Nc3 O-O 10. Qe2 Nc6 11. Bd2 Re8 12. Rae1 Bf8 13. Kh1 f6 14. exf6 Nxf6 15. Ne5
Nd4 16. Qd1 b5 17. Be3 Nc6 18. Nxb5 Nxe5 19. fxe5 Nd7 20. Nd6 Bxd6 21. exd6 Rb8
22. b3 Qb6 23. Qf3 Qxd6 24. Qf7+ Kh8 25. Bg5 Ne5 26. Qf4 Nc4 27. bxc4 e5 28. Qh4
dxc4 29. Bxb7 Rxb7 30. Qxc4 Qg6 31. Qe4 Qb6 32. Rf5 h6 33. Bd2 Rbe7 34. Bc3 c4
35. Qxc4 e4 36. dxe4 Qb7 37. Rf4 Rc8 38. Qd4 Rd7 39. Qe3 Rdc7 40. Bd4 Rxc2 41.
Qf3 Qb4 42. Qe3 Rxa2 43. Rf7 Rc6 44. Rxg7 1-0

[Event "Titled Tue 1st Jul Early"]
[Site "chess.com INT"]
[Date "2025.07.01"]
[Round "3"]
[White "Niemann, Hans Moke"]
[Black "Rakhmanov, Aleksandr"]
[Result "1-0"]
[WhiteTitle "GM"]
[BlackTitle "GM"]
[WhiteElo "2736"]
[BlackElo "2585"]
[WhiteFideId "2093596"]
[BlackFideId "4173708"]
[EventDate "2025.07.01"]

1. e4 c5 2. Nf3 Nf6 3. e5 Nd5 4. Nc3 Nxc3 5. dxc3 Nc6 6. Bf4 Qb6 7. Rb1 Qc7 8.
Bd3 e6 9. h4 h6 10. h5 b6 11. Qe2 Bb7 12. Nd2 d5 13. exd6 Bxd6 14. Bxd6 Qxd6 15.
Nc4 Qf4 16. O-O Rd8 17. Rbe1 Rd5 18. g3 Qc7 19. f4 Ne7 20. Ne5 O-O 21. Kh2 Rfd8
22. g4 b5 23. g5 hxg5 24. Nxf7 Kxf7 25. Qxe6+ Kf8 26. Re5 g4 27. h6 c4 28. h7
Ng6 29. Qg8# 1-0

[Event "Titled Tue 1st Jul Early"]
[Site "chess.com INT"]
[Date "2025.07.01"]
[Round "3"]
[White "Hansen, Eric"]
[Black "Tikhonov, Viacheslav"]
[Result "1-0"]
[WhiteTitle "GM"]
[BlackTitle "CM"]
[WhiteElo "2609"]
[BlackElo "2183"]
[WhiteFideId "2606771"]
[BlackFideId "44196407"]
[EventDate "2025.07.01"]

1. e4 c5 2. Nf3 Nc6 3. Bb5 Nf6 4. Bxc6 dxc6 5. d3 Qc7 6. a4 e5 7. Na3 Bg4 8. h3
Bh5 9. Nc4 Nd7 10. g4 Bg6 11. b3 Be7 12. Bb2 f6 13. Nh4 Bf7 14. Nf5 O-O 15.
Nxe7+ Kh8 16. Qd2 Rad8 17. Nf5 Nb6 18. Qa5 g6 19. Nfe3 Kg7 20. g5 Rd4 21. gxf6+
Kg8 22. Qxc5 Nd7 23. Qa3 c5 24. Bxd4 exd4 25. Nd5 Bxd5 26. exd5 Re8+ 27. Kf1
Nxf6 28. Re1 Rxe1+ 29. Kxe1 Nxd5 30. Qc1 Nf4 31. Kf1 Qc6 32. Qxf4 Qxh1+ 33. Ke2
Qxh3 34. Qb8+ Kg7 35. Qxb7+ Kh6 36. Qe4 Kg7 37. Qe7+ Kh6 38. Qf8+ Kg5 39. Ne5
Qe6 40. f4+ Kh5 41. Qg7 h6 42. Kf2 Qf5 43. Kg3 a5 44. Nd7 g5 45. Nf6+ Qxf6 46.
Qxf6 gxf4+ 47. Kh3 c4 48. Qf5# 1-0

[Event "Titled Tue 1st Jul Early"]
[Site "chess.com INT"]
[Date "2025.07.01"]
[Round "3"]
[White "Kopczynski, Michal"]
[Black "Sailer, Mike"]
[Result "1-0"]
[WhiteTitle "CM"]
[WhiteElo "2225"]
[BlackElo "2108"]
[WhiteFideId "1124200"]
[BlackFideId "2012901"]
[EventDate "2025.07.01"]

1. e4 d5 2. e5 c5 3. f4 Nc6 4. Nf3 Bg4 5. h3 Bxf3 6. Qxf3 e6 7. Bb5 Ne7 8. O-O
a6 9. Bxc6+ Nxc6 10. c3 Be7 11. d3 b5 12. Na3 Qb6 13. Be3 O-O 14. Qg3 b4 15.
cxb4 Nxb4 16. f5 exf5 17. Rxf5 Qg6 18. Qf3 Nxd3 19. Rf1 Nxb2 20. Qxd5 Rad8 21.
Qb3 Nd3 22. Nc4 Nb4 23. a3 Nd5 24. Bc1 Nc7 25. Qb7 Nd5 26. Bd2 h6 27. Ba5 Rde8
28. Qxd5 Bg5 29. Nd6 Re6 30. Rxf7 Be3+ 31. Kh1 Rxf7 32. Nxf7 Kh7 33. Qd8 Bd4 34.
Qh8# 1-0

[Event "Titled Tue 1st Jul Early"]
[Site "chess.com INT"]
[Date "2025.07.01"]
[Round "3"]
[White "Garbuz, Vitaliy"]
[Black "Montano Vicente, Guadalupe"]
[Result "1-0"]
[WhiteTitle "CM"]
[WhiteElo "2243"]
[BlackElo "1940"]
[WhiteFideId "12990710"]
[BlackFideId "5181399"]
[EventDate "2025.07.01"]

1. e4 c5 2. d4 cxd4 3. c3 Nf6 4. e5 Nd5 5. Nf3 d6 6. exd6 Qxd6 7. Na3 a6 8. Nc4
Qe6+ 9. Be2 dxc3 10. O-O Nc6 11. Ng5 Qd7 12. Bf3 Nf6 13. Nb6 Qxd1 14. Rxd1 Rb8
15. Bf4 e5 16. Nxc8 Rxc8 17. Bxc6+ Rxc6 18. Bxe5 cxb2 19. Bxb2 h6 20. Re1+ Be7
21. Nf3 Re6 22. Nd4 Rxe1+ 23. Rxe1 Kd7 24. Nf5 Re8 25. Nxg7 Rg8 26. Nf5 Bd8 27.
Rd1+ Kc7 28. Be5+ Kb6 29. Rd6+ Kc5 30. Bxf6 Re8 31. g3 1-0

[Event "Titled Tue 1st Jul Early"]
[Site "chess.com INT"]
[Date "2025.07.01"]
[Round "3"]
[White "Murthy, Pappu"]
[Black "Goldin, Roman"]
[Result "0-1"]
[BlackTitle "FM"]
[WhiteElo "1836"]
[BlackElo "2284"]
[WhiteFideId "2013401"]
[BlackFideId "2803860"]
[EventDate "2025.07.01"]

1. e4 Nc6 2. d4 e5 3. Nf3 exd4 4. Nxd4 g6 5. Nc3 Bg7 6. Be3 Nf6 7. f3 O-O 8. Qd2
Re8 9. O-O-O d5 10. exd5 Nxd5 11. Nxd5 Qxd5 12. Nb3 Qe5 13. Bd4 Nxd4 14. Qxd4
Qg5+ 15. Qd2 Qf6 16. c3 a5 17. Nd4 a4 18. a3 c6 19. Bc4 b5 20. Ba2 Ba6 21. h4 c5
22. Nc2 Rab8 23. Qg5 Qb6 24. h5 b4 25. axb4 cxb4 26. Nxb4 a3 27. b3 Bf6 28. Qf4
Bxc3 29. Nd5 Qf2 0-1

[Event "Titled Tue 1st Jul Early"]
[Site "chess.com INT"]
[Date "2025.07.01"]
[Round "3"]
[White "Szpar, Milosz"]
[Black "Karvatskyi, Oleksii"]
[Result "1-0"]
[WhiteTitle "IM"]
[BlackTitle "CM"]
[WhiteElo "2490"]
[BlackElo "2258"]
[WhiteFideId "1184989"]
[BlackFideId "14191059"]
[EventDate "2025.07.01"]

1. e4 c5 2. Nf3 d6 3. d4 cxd4 4. Nxd4 Nf6 5. Nc3 g6 6. Be3 Bg7 7. f3 a6 8. Qd2
h5 9. O-O-O b5 10. Bd3 Bb7 11. h3 Nbd7 12. g4 Nc5 13. g5 Nfd7 14. Kb1 Rc8 15.
Rhe1 O-O 16. a3 Ne5 17. f4 Nc4 18. Bxc4 bxc4 19. e5 dxe5 20. fxe5 Qc7 21. Bf4 e6
22. Qe2 Nd7 23. Ne4 Bxe4 24. Qxe4 c3 25. b3 Qa5 26. Nc6 Qxa3 27. Bc1 Qc5 28.
Rxd7 Rxc6 29. Qa4 Rb8 30. Rf1 Rc7 31. Rfxf7 Bf8 32. Rxc7 Qxe5 33. Rxf8+ Rxf8 34.
Qd7 Rb8 35. Qh7+ Kf8 36. Qf7# 1-0

[Event "Titled Tue 1st Jul Early"]
[Site "chess.com INT"]
[Date "2025.07.01"]
[Round "3"]
[White "Osiecki, Stanislaw"]
[Black "Venskaya, Nika"]
[Result "1/2-1/2"]
[WhiteTitle "FM"]
[BlackTitle "WCM"]
[WhiteElo "1944"]
[BlackElo "1926"]
[WhiteFideId "1102990"]
[BlackFideId "13523503"]
[EventDate "2025.07.01"]

1. e4 c5 2. c3 d5 3. e5 Qc7 4. d4 Nc6 5. Nf3 Bg4 6. Be3 e6 7. Be2 Nge7 8. O-O
Nf5 9. Qd2 Be7 10. h3 Bxf3 11. Bxf3 O-O 12. Na3 a6 13. Nc2 Nh4 14. Be2 f6 15. f4
Nf5 16. Bf2 fxe5 17. fxe5 Rf7 18. Bd3 Raf8 19. g4 Nh4 20. Be2 Nf3+ 21. Bxf3 Rxf3
22. Kg2 cxd4 23. cxd4 Qb6 24. b3 Nb4 25. Nxb4 Bxb4 26. Qe2 Bc3 27. Rad1 R3f7 28.
Qd3 Bb4 29. Be3 Qa5 30. a4 b5 31. axb5 Rxf1 32. Rxf1 Rxf1 33. Qxf1 axb5 34. Qc1
Be7 35. Qc8+ Kf7 36. Qd7 Qa2+ 37. Bf2 Qxb3 38. Bh4 Qb2+ 39. Kf3 Qc3+ 40. Kg2
Qb2+ 41. Kf3 Qb3+ 42. Kg2 Qb2+ 1/2-1/2

[Event "Titled Tue 1st Jul Early"]
[Site "chess.com INT"]
[Date "2025.07.01"]
[Round "3"]
[White "Veiga, Jose Francisco R P Neves"]
[Black "Oviedo Acosta, Paula"]
[Result "0-1"]
[WhiteTitle "IM"]
[BlackTitle "WFM"]
[WhiteElo "2390"]
[BlackElo "1928"]
[WhiteFideId "1930087"]
[BlackFideId "3704394"]
[EventDate "2025.07.01"]

1. e4 c5 2. Nf3 a6 3. c4 Nc6 4. d4 cxd4 5. Nxd4 e5 6. Nf5 d5 7. cxd5 Bxf5 8.
exf5 Nd4 9. Nc3 Nf6 10. Bg5 Bb4 11. Qa4+ b5 12. Qd1 Qxd5 13. Bxf6 gxf6 14. Bd3
Qxg2 15. Rf1 Nf3+ 16. Ke2 Qg4 17. h3 Qh5 18. Qc1 Nh2+ 19. Kd2 Nxf1+ 20. Qxf1 Rd8
21. Kc2 Bxc3 22. bxc3 Qf3 23. Bxb5+ axb5 24. Qxb5+ Kf8 25. Qc5+ Ke8 26. Qb5+ Rd7
27. Qb8+ Ke7 28. Qb4+ Rd6 29. Re1 Qxf2+ 30. Kb3 Qxe1 31. Qb7+ Rd7 32. Qb4+ Rd6
33. Qb7+ Kf8 34. Qb8+ Kg7 35. Qxd6 Qb1+ 36. Kc4 Rc8+ 37. Kd5 Rd8 38. Qxd8 Qd1+ 0-1

[Event "Titled Tue 1st Jul Early"]
[Site "chess.com INT"]
[Date "2025.07.01"]
[Round "3"]
[White "Kamalsyah, Muhammad"]
[Black "Kozak, Antoni"]
[Result "0-1"]
[WhiteTitle "FM"]
[WhiteElo "2314"]
[BlackElo "2426"]
[WhiteFideId "7105932"]
[BlackFideId "21832030"]
[EventDate "2025.07.01"]

1. d4 e6 2. Nf3 f5 3. g3 b6 4. Bg2 Bb7 5. O-O Nf6 6. c4 Be7 7. Nc3 O-O 8. d5 Qc8
9. Nd4 Rd8 10. e4 fxe4 11. Nxe4 exd5 12. Nxf6+ Bxf6 13. cxd5 Na6 14. Be3 Re8 15.
Rc1 Qd8 16. a3 Nc5 17. Qc2 a5 18. b4 axb4 19. axb4 Na6 20. Qb3 Kh8 21. Nb5 Rb8
22. Rfd1 Be5 23. f4 Bf6 24. Bf2 h6 25. Nc3 Qe7 26. Rb1 Qf8 27. Ne4 Be7 28. d6
Bxe4 0-1

[Event "Titled Tue 1st Jul Early"]
[Site "chess.com INT"]
[Date "2025.07.01"]
[Round "3"]
[White "Aarav Sinha"]
[Black "Dubnevych, Maksym"]
[Result "0-1"]
[WhiteTitle "FM"]
[BlackTitle "FM"]
[WhiteElo "2224"]
[BlackElo "2296"]
[WhiteFideId "25674064"]
[BlackFideId "14184001"]
[EventDate "2025.07.01"]

1. d4 Nf6 2. Bf4 d5 3. e3 e6 4. Nf3 c5 5. c3 Nc6 6. Nbd2 Nh5 7. Bg5 f6 8. Bh4 g6
9. Bd3 cxd4 10. cxd4 Bd6 11. O-O O-O 12. a3 Bd7 13. Rc1 Rc8 14. Re1 Ne7 15. e4
Bf4 16. Rxc8 Qxc8 17. e5 Nc6 18. g4 Bxd2 19. Qxd2 fxe5 20. gxh5 e4 21. hxg6 Rxf3
22. gxh7+ Kxh7 23. Be2 Rf5 24. Kh1 Be8 25. Bg4 Rf8 26. Rg1 Bg6 27. Qg5 Qe8 28.
Bh5 Rg8 29. Bxg6+ Qxg6 30. Qxg6+ Rxg6 31. Rd1 Rg7 32. Bg3 Rf7 33. Kg2 Rf3 34.
Kf1 Rb3 35. Rd2 Kg6 36. Ke2 Kf5 37. h3 Na5 38. Rc2 Nc4 39. Kd1 Nxb2+ 40. Kc1 Nc4
41. a4 a6 42. h4 Kg4 43. Re2 Ra3 44. Re1 Ra1+ 0-1

[Event "Titled Tue 1st Jul Early"]
[Site "chess.com INT"]
[Date "2025.07.01"]
[Round "3"]
[White "Horobetz, Graham"]
[Black "Parfenov, Viktor N."]
[Result "0-1"]
[BlackTitle "CM"]
[WhiteElo "2241"]
[BlackElo "2193"]
[WhiteFideId "2047322"]
[BlackFideId "4165969"]
[EventDate "2025.07.01"]

1. e4 e6 2. d4 d5 3. Nd2 Nc6 4. Ngf3 Nf6 5. e5 Nd7 6. Bd3 f6 7. Ng5 fxg5 8. Qh5+
Ke7 9. Ne4 dxe4 10. Bxg5+ Nf6 11. Bxe4 Qxd4 12. exf6+ gxf6 13. Bxc6 Qe5+ 14. Kf1
Qxg5 15. Qf3 bxc6 16. Qxc6 Qd5 17. Qxc7+ Qd7 18. Qc5+ Kf7 19. Qh5+ Kg8 20. Rd1
Ba6+ 21. Kg1 Qf7 22. Qg4+ Bg7 23. h4 h5 24. Qe4 Rb8 25. Qc6 Rb6 26. Qc5 Kh7 27.
Rh3 Rc8 28. Qe3 Bh6 29. Qe4+ f5 30. Qe5 Qg7 31. Qh2 Qg4 32. Rg3 Qf4 0-1

[Event "Titled Tue 1st Jul Early"]
[Site "chess.com INT"]
[Date "2025.07.01"]
[Round "3"]
[White "Berg, Vadim Daskevich"]
[Black "Mende, Andreas"]
[Result "1-0"]
[WhiteTitle "IM"]
[BlackTitle "CM"]
[WhiteElo "2445"]
[BlackElo "2113"]
[WhiteFideId "11601965"]
[BlackFideId "4631102"]
[EventDate "2025.07.01"]

1. e4 c5 2. Nf3 Nc6 3. Bb5 g6 4. O-O Bg7 5. Re1 e5 6. b4 cxb4 7. a3 Nge7 8. axb4
O-O 9. Bxc6 bxc6 10. d3 a5 11. Bb2 d6 12. Nbd2 Bb7 13. bxa5 Rxa5 14. Rxa5 Qxa5
15. Nc4 Qc7 16. Qd2 Rd8 17. Ra1 Bc8 18. Bc3 Re8 19. Ba5 Qb8 20. Bb4 d5 21. Nd6
Rd8 22. Nxc8 Nxc8 23. exd5 cxd5 24. Ra6 Qb7 25. Ra5 Nb6 26. h4 Qc6 27. Bc5 Nd7
28. Be3 Nf8 29. Ra7 Ne6 30. h5 e4 31. Ng5 Nxg5 32. Bxg5 exd3 33. Bxd8 dxc2 34.
Bg5 Bf6 35. Bf4 Bb2 36. Qb4 c1=Q+ 37. Bxc1 Qxc1+ 38. Kh2 Be5+ 39. g3 Qh6 40.
Ra8+ Kg7 41. Qf8+ Kf6 42. Qxh6 1-0

[Event "Titled Tue 1st Jul Early"]
[Site "chess.com INT"]
[Date "2025.07.01"]
[Round "3"]
[White "Foldes, Marton Gabor"]
[Black "Cunha, Lucas Aguiar"]
[Result "1-0"]
[WhiteTitle "FM"]
[BlackTitle "FM"]
[WhiteElo "2295"]
[BlackElo "2254"]
[WhiteFideId "794708"]
[BlackFideId "2125404"]
[EventDate "2025.07.01"]

1. Nf3 Nf6 2. g3 d5 3. Bg2 c5 4. O-O Nc6 5. e3 Bg4 6. d4 cxd4 7. exd4 e6 8. h3
Bh5 9. c3 Bd6 10. Qb3 a6 11. Bg5 O-O 12. Nbd2 b5 13. a4 b4 14. c4 Na5 15. Qd3
dxc4 16. Nxc4 Bg6 17. Qe2 Nxc4 18. Qxc4 Be4 19. Rfe1 Bd5 20. Qd3 h6 21. Bxf6
Qxf6 22. Ne5 Bxg2 23. Kxg2 Rfd8 24. Qc4 Rdc8 25. Qe2 b3 26. Rac1 Qf5 27. Nc4 Bb4
28. Red1 Rab8 29. Ne3 Qe4+ 30. f3 Qb7 31. Qd3 Be7 32. Nc4 Bg5 33. Rc3 Rd8 34.
Na5 Qb4 35. Nc6 Qxa4 36. Nxd8 Bxd8 37. Rdc1 Bg5 38. Rc8+ 1-0

[Event "Titled Tue 1st Jul Early"]
[Site "chess.com INT"]
[Date "2025.07.01"]
[Round "3"]
[White "Garde, Guillaume"]
[Black "Grebeniuk, Semen"]
[Result "1-0"]
[WhiteTitle "CM"]
[WhiteElo "2196"]
[BlackElo "2324"]
[WhiteFideId "45138273"]
[BlackFideId "14117509"]
[EventDate "2025.07.01"]

1. d4 f5 2. Bg5 g6 3. h4 Nh6 4. h5 Nf7 5. Qd2 Bg7 6. h6 Bf6 7. Bxf6 exf6 8. Nc3
d5 9. Nf3 O-O 10. e3 c6 11. Bd3 b5 12. O-O-O Nd7 13. Ne2 Nb6 14. Nf4 Nd6 15. g4
fxg4 16. Bxg6 gxf3 17. Rdg1 hxg6 18. h7+ Kf7 19. Nxg6 Bf5 20. h8=Q Rxh8 21.
Nxh8+ Ke6 22. Ng6 Bxg6 23. Rxg6 a5 24. Qd1 Ne4 25. Qxf3 Ra7 26. Qg4+ Kd6 27.
Qf4+ Ke6 28. Qg4+ Kd6 29. f3 Rf7 30. fxe4 dxe4 31. Qxe4 Nd5 32. Rf1 Kc7 33. a4
b4 34. Qd3 Kb6 35. e4 Nc7 36. e5 Rd7 37. Rfxf6 Rxd4 38. Rxc6+ Kb7 39. Rb6+ Ka7
40. Ra6+ 1-0

[Event "Titled Tue 1st Jul Early"]
[Site "chess.com INT"]
[Date "2025.07.01"]
[Round "3"]
[White "Shapiro, Daniel"]
[Black "Chylewski, Patryk"]
[Result "0-1"]
[WhiteTitle "FM"]
[BlackTitle "IM"]
[WhiteElo "2284"]
[BlackElo "2319"]
[WhiteFideId "2001780"]
[BlackFideId "1186191"]
[EventDate "2025.07.01"]

1. d4 Nf6 2. c4 e6 3. g3 Bb4+ 4. Bd2 a5 5. Bg2 O-O 6. Nf3 b6 7. O-O Bb7 8. a3
Bxd2 9. Nbxd2 d6 10. Qc2 Nbd7 11. e4 e5 12. Rfe1 a4 13. d5 Nc5 14. Rad1 Ne8 15.
Nh4 g6 16. Nb1 Ng7 17. Nc3 f5 18. exf5 gxf5 19. Bh3 Bc8 20. Nb5 Bd7 21. Ng2 Bxb5
22. cxb5 Qd7 23. Ne3 Ra5 24. f4 e4 25. g4 fxg4 26. Nxg4 Qe7 27. Qd2 Rxb5 28. Nf2
Rb3 29. Re3 Qf6 30. f5 Nxf5 31. Rxb3 axb3 32. Qf4 Ng7 33. Qg3 Qxb2 34. Kh1 Qxf2 0-1

[Event "Titled Tue 1st Jul Early"]
[Site "chess.com INT"]
[Date "2025.07.01"]
[Round "3"]
[White "Leinov, Roman"]
[Black "Shamatava, Nikolozi"]
[Result "0-1"]
[WhiteTitle "CM"]
[BlackTitle "FM"]
[WhiteElo "2120"]
[BlackElo "2246"]
[WhiteFideId "13504649"]
[BlackFideId "13619950"]
[EventDate "2025.07.01"]

1. Nf3 c5 2. g3 Nc6 3. Bg2 Nf6 4. O-O d5 5. d4 e6 6. c4 dxc4 7. Ne5 Nxe5 8. dxe5
Qxd1 9. Rxd1 Nd5 10. e4 Nc7 11. a4 a6 12. Nd2 b5 13. Bf1 Bb7 14. f3 Be7 15. axb5
axb5 16. Rxa8+ Bxa8 17. Nb1 Bc6 18. Bd2 O-O 19. Ba5 Na6 20. Nc3 h6 21. Kf2 Nb4
22. b3 cxb3 23. Nxb5 Ra8 24. Bxb4 cxb4 25. Rb1 Ra2+ 26. Ke1 Rxh2 27. Rxb3 Bc5
28. g4 Rh1 29. Nd6 Ba4 30. Rb1 b3 31. Kd2 Bd4 32. Nc4 Bb5 33. Kd3 Bxe5 34. Be2
Rxb1 35. Ke3 Bxc4 36. Bxc4 b2 37. f4 Bxf4+ 38. Kxf4 Rc1 39. Bd3 b1=Q 40. Bxb1
Rxb1 41. Kf3 Kf8 42. Kf4 Ke7 43. Kf3 Kf6 44. Ke3 Ke5 45. Kf3 Rb4 46. Ke3 Rxe4+
47. Kf3 g5 0-1

[Event "Titled Tue 1st Jul Early"]
[Site "chess.com INT"]
[Date "2025.07.01"]
[Round "3"]
[White "Romany, Joy"]
[Black "Nicot, Valentin"]
[Result "1-0"]
[WhiteTitle "WIM"]
[BlackTitle "CM"]
[WhiteElo "1960"]
[BlackElo "2157"]
[WhiteFideId "10656820"]
[BlackFideId "651002477"]
[EventDate "2025.07.01"]

1. d4 Nf6 2. c4 e6 3. g4 d5 4. e3 Be7 5. h3 Ne4 6. Nf3 b6 7. Nc3 Bb4 8. Bd2 Bxc3
9. Bxc3 Bb7 10. Bg2 Nxc3 11. bxc3 Nd7 12. cxd5 Bxd5 13. O-O h5 14. c4 Bb7 15. g5
Qe7 16. d5 e5 17. e4 O-O-O 18. a4 a5 19. Qc2 Nc5 20. h4 Kb8 21. Qb2 f6 22. Qc3
Nxe4 23. Qe3 Nc5 24. Rfe1 Qd6 25. Nd2 Rde8 26. Ne4 Nxe4 27. Bxe4 fxg5 28. hxg5
h4 29. Kh2 Ref8 30. f3 Rf4 31. Rg1 Rhf8 32. Rg4 Rxg4 33. fxg4 Rf4 34. Rg1 Bc8
35. Kh3 Qc5 36. Qxc5 bxc5 37. Rb1+ Ka7 38. Bh1 Re4 39. Bxe4 1-0

[Event "Titled Tue 1st Jul Early"]
[Site "chess.com INT"]
[Date "2025.07.01"]
[Round "3"]
[White "Gurel, Ediz"]
[Black "Reshetnikov, Alexey"]
[Result "0-1"]
[WhiteTitle "GM"]
[BlackTitle "IM"]
[WhiteElo "2652"]
[BlackElo "2492"]
[WhiteFideId "44507356"]
[BlackFideId "4162080"]
[EventDate "2025.07.01"]

1. Nf3 d5 2. b3 Bf5 3. Bb2 e6 4. g3 Nf6 5. Bg2 h6 6. O-O Bh7 7. c4 Be7 8. d3 O-O
9. Nbd2 c5 10. cxd5 exd5 11. Rc1 Nc6 12. Ne5 Nxe5 13. Bxe5 Rc8 14. Qc2 Qd7 15.
Qb2 Rfe8 16. Rc2 d4 17. Bxf6 Bxf6 18. Ne4 Bxe4 19. Bxe4 Rxe4 20. dxe4 d3 21. e5
dxc2 22. exf6 Qd1 23. Qc3 Rd8 24. Qe3 gxf6 25. Qxh6 Qxf1+ 26. Kxf1 Rd1+ 27. Kg2
c1=Q 28. Qxf6 Rg1+ 29. Kf3 Qd2 30. Qf5 Qd6 31. Qg4+ Kf8 32. Qc8+ Kg7 33. Qxb7
Qf6+ 34. Ke3 Rf1 35. Qg2 Qd4+ 36. Kf3 Qd5+ 37. e4 Qd3+ 38. Kf4 Qe2 39. Ke5 Qxf2
40. Qxf2 Rxf2 41. Kd5 Rxa2 42. Kxc5 Rb2 0-1

[Event "Titled Tue 1st Jul Early"]
[Site "chess.com INT"]
[Date "2025.07.01"]
[Round "3"]
[White "Gutierrez Olivares, Daniel"]
[Black "Zlatkov, Anton"]
[Result "0-1"]
[WhiteTitle "FM"]
[BlackTitle "FM"]
[WhiteElo "2354"]
[BlackElo "2330"]
[WhiteFideId "2264005"]
[BlackFideId "15005402"]
[EventDate "2025.07.01"]

1. Nf3 d6 2. g3 e5 3. c4 f5 4. Nc3 Nf6 5. Bg2 Be7 6. O-O O-O 7. d3 a5 8. a3 c6
9. Rb1 Na6 10. b4 axb4 11. axb4 Nc7 12. b5 h6 13. Na4 Ne6 14. Nh4 cxb5 15. Rxb5
Nd4 16. Rb1 Nxe2+ 17. Qxe2 Rxa4 18. Bxb7 Be6 19. Ng6 Rf7 20. c5 Nd5 21. Qc2 Rg4
22. Nxe7+ Qxe7 23. c6 f4 24. Ba3 fxg3 25. hxg3 Ne3 26. Qe2 Nxf1 27. Rxf1 h5 28.
Qe3 Bd5 29. d4 Qh4 30. dxe5 Qh1# 0-1

[Event "Titled Tue 1st Jul Early"]
[Site "chess.com INT"]
[Date "2025.07.01"]
[Round "3"]
[White "Viskelis, Darius"]
[Black "Tifferet, Shakked"]
[Result "1-0"]
[WhiteTitle "FM"]
[BlackTitle "FM"]
[WhiteElo "2146"]
[BlackElo "2322"]
[WhiteFideId "12800830"]
[BlackFideId "2811529"]
[EventDate "2025.07.01"]

1. e4 c6 2. d3 d5 3. Nd2 e5 4. Ngf3 Bd6 5. d4 dxe4 6. Nxe4 exd4 7. Nxd6+ Qxd6 8.
Qxd4 Qxd4 9. Nxd4 Nf6 10. Bg5 Nbd7 11. O-O-O O-O 12. Nf5 Re8 13. Nd6 Re5 14. f4
Rd5 15. Bc4 Rxd1+ 16. Rxd1 Nd5 17. Bxd5 cxd5 18. Nxc8 Rxc8 19. Rxd5 Nc5 20. Rd8+
Rxd8 21. Bxd8 Ne6 22. Be7 Nxf4 23. g3 Ne6 24. Kd2 f6 25. Kd3 Kf7 26. Bb4 Ng5 27.
h4 Nf3 28. Bc3 Ke6 29. Ke4 Nh2 30. Bd4 a6 31. c4 Nf1 32. Kf4 h5 33. b4 Nd2 34.
c5 Nc4 35. Ke4 Nd2+ 36. Kd3 Nf3 37. a4 Kd5 38. Be3 Ne5+ 39. Kc3 Nf3 40. b5 axb5
41. axb5 g5 42. hxg5 fxg5 43. c6 bxc6 44. b6 Kd6 45. Kc4 h4 46. gxh4 gxh4 47.
Bf4+ Ne5+ 48. Bxe5+ Kxe5 49. b7 Kf4 50. b8=Q+ Kg4 51. Qh2 h3 52. Kc5 Kh4 53.
Kxc6 Kg4 54. Kd5 Kh4 55. Ke4 Kg4 56. Ke3 Kh4 57. Kf4 Kh5 58. Qxh3+ Kg6 59. Qf5+
Kh6 60. Qg4 Kh7 61. Kf5 Kh8 62. Kf6 Kh7 63. Qg7# 1-0

[Event "Titled Tue 1st Jul Early"]
[Site "chess.com INT"]
[Date "2025.07.01"]
[Round "3"]
[White "Lowinger, Daniel"]
[Black "Li, Yilin"]
[Result "0-1"]
[BlackTitle "WFM"]
[WhiteElo "2086"]
[BlackElo "1922"]
[WhiteFideId "2005557"]
[BlackFideId "8610410"]
[EventDate "2025.07.01"]

1. e4 e5 2. Nf3 Nc6 3. Bc4 Be7 4. O-O Nf6 5. d3 a6 6. Re1 b5 7. Bd5 Bd6 8. d4
Qe7 9. dxe5 Bxe5 10. Nxe5 Qxe5 11. f4 Qe7 12. a4 Bb7 13. axb5 axb5 14. Rxa8+
Bxa8 15. Bb3 O-O 16. e5 Ne8 17. Nc3 b4 18. Nd5 Qd8 19. f5 Ne7 20. Ne3 d5 21. Qg4
Kh8 22. Rd1 c5 23. Rf1 f6 24. e6 c4 25. Ba4 Nc7 26. Rf4 Qd6 27. g3 Qc5 28. Qh5
d4 29. Rh4 h6 30. Nf1 Qxf5 31. Bf4 Qxh5 32. Rxh5 Nxe6 33. Bd6 Rf7 34. Bxb4 g6
35. Ra5 Be4 36. Ra6 Ng5 37. Be8 Nh3# 0-1

[Event "Titled Tue 1st Jul Early"]
[Site "chess.com INT"]
[Date "2025.07.01"]
[Round "3"]
[White "Belov, Alexei"]
[Black "Milare, Tyron"]
[Result "1/2-1/2"]
[WhiteTitle "IM"]
[BlackTitle "FM"]
[WhiteElo "2421"]
[BlackElo "2217"]
[WhiteFideId "4128206"]
[BlackFideId "12987018"]
[EventDate "2025.07.01"]

1. e4 c5 2. Nf3 g6 3. d4 Bg7 4. Nc3 cxd4 5. Nxd4 Nc6 6. Be3 Nf6 7. Bc4 h5 8. h3
d6 9. Qd2 a6 10. O-O-O Qc7 11. Bb3 Ne5 12. Bg5 Nc4 13. Qe2 b5 14. Bxf6 Bxf6 15.
Nd5 Qc5 16. Nxf6+ exf6 17. Kb1 O-O 18. g4 hxg4 19. hxg4 Kg7 20. f3 Bd7 21. c3
Rh8 22. Bxc4 Qxc4 23. Qg2 b4 24. cxb4 Qxb4 25. Rxh8 Rxh8 26. Nc2 Qb6 27. Qd2 Be6
28. b3 Bxb3 29. axb3 Qxb3+ 30. Kc1 Rc8 31. Qd3 Rc3 32. Qe2 Qa3+ 33. Kd2 Qa5 34.
Rb1 Rxf3+ 35. Kc1 Rh3 36. Qd1 Qg5+ 37. Kb2 Qb5+ 38. Kc1 Qg5+ 39. Kb2 Qb5+ 40.
Kc1 Qg5+ 1/2-1/2

[Event "Titled Tue 1st Jul Early"]
[Site "chess.com INT"]
[Date "2025.07.01"]
[Round "3"]
[White "Xalmatov, Yakubjon"]
[Black "Redor, Menandro"]
[Result "1-0"]
[WhiteTitle "CM"]
[WhiteElo "2096"]
[BlackElo "2021"]
[WhiteFideId "14201615"]
[BlackFideId "5222010"]
[EventDate "2025.07.01"]

1. e4 c6 2. d4 d5 3. exd5 cxd5 4. Bd3 Nc6 5. c3 Nf6 6. h3 Qc7 7. Nf3 e6 8. O-O
h6 9. Re1 Bd6 10. Nbd2 Bd7 11. Nf1 O-O-O 12. b4 g5 13. b5 Na5 14. Ne5 Bxe5 15.
dxe5 Ne4 16. Bxe4 dxe4 17. Qa4 a6 18. Qxe4 Bxb5 19. Be3 Kb8 20. a4 Bd3 21. Qb4
Nc4 22. Bd4 Bxf1 23. Rxf1 Rd5 24. Rfe1 Nxe5 25. Rab1 Nc6 26. Qb2 Nxd4 27. cxd4
Rhd8 28. Rec1 Qe7 29. Rc4 R8d7 30. Qb6 Qd6 31. Rc6 Qf4 32. Rbc1 Rd8 33. Rc7 1-0